Statistiche per Quiz sulla Germania

Clicka qui per fare il quiz!

Statistiche generali

  • Questo quiz è stato fatto 40 volte
  • Il punteggio medio è 12 su 20

Statistiche sulle risposte

HintRisposta% Corretto
Leader della Germania NazistaAdolf Hitler
100%
CapitaleBerlino
100%
Sport NazionaleCalcio
89%
Noto festival tedesco della birra che si svolge a Monaco di BavieraOktoberfest
86%
Fiume più lungo "attraversato da più nazioni"Danubio
83%
Prima lega di Calcio in GermaniaBundesliga
81%
Numero dei campionati del mondo vinti dalla Germania4
78%
Nazione con cui si alleò la Germania nella Seconda Guerra MondialeItalia
78%
Capitale della Germania dell'OvestBonn
67%
Seconda città più grandeAmburgo
64%
Regione più grandeBaviera
56%
Famoso tennista vincitore delle Olimpiadi di Tokyo 2020Alexander Zverev
50%
Noto Compositore tedesco morto a Lipsia nel 1750Johann Sebastian Bach
50%
Marchio automobilistico più famosoBMW
47%
Snack salato tipico tedescoPretzel
47%
Nota fiaba tedesca creata dai fratelli GrimmHansel e Gretel
42%
Cancelliere attuale della GermaniaOlaf Scholz
36%
Anno in cui fu' fondato l'impero tedesco1871
31%
Circuito più lungo del mondoNurburgring
28%
Dirigibile tedesco che il 6 Maggio del 1937 prese fuocoHindenburg
25%

Distribuzione punteggi

Percentile per numero di risposta

Percentuale di utenti per punteggio

I tuoi punteggi nel tempo

Non hai fatto questo quiz